00496cam a22001692 4500001001100000005001700011008004100028020002600069040001500095050002500110100002700135245005100162250001200213260004300225300002600268650003200294000000524720151217151958.0070608s xx 000 0 eng d a9971512661 :cKES 830 aKABUcKABU 0aTK7871.85b.S94 19811 aSze, S. M.@000015643010aPhysics of semiconductor devices /cS. M. Sze. a2nd ed. aNew York :bJohn Wiley & Sons,cc1981. axii, 868 p. ;c23 cm. 0aSemiconductors.@0000156427